[Event "XIX Festival A"]
[Site "Arco ITA"]
[Date "2007.10.24"]
[Round "5"]
[White "Linz, Stefan"]
[Black "Moro, Roberto"]
[Result "1/2-1/2"]
[WhiteElo "1584"]
[BlackElo "1887"]
[PlyCount "45"]
[EventDate "2007.10.20"]

1. d4 Nf6 2. Bg5 Ne4 3. Bf4 g6 4. e3 Bg7 5. Nd2 Nxd2 6. Qxd2 d6 7. Nf3 O-O 8.
h3 Nc6 9. c3 e5 10. dxe5 dxe5 11. Qxd8 Rxd8 12. Bg3 Bf5 13. Be2 Bd3 14. a3 a5
15. Rd1 Bxe2 16. Rxd8+ Rxd8 17. Kxe2 b5 18. Rd1 Rxd1 19. Kxd1 f6 20. Nd2 f5 21.
f3 Kf7 22. Kc2 Ke6 23. Bf2 1/2-1/2

[Event "XIX Festival A"]
[Site "Arco ITA"]
[Date "2007.10.24"]
[Round "5"]
[White "Maneschi, Giuseppe"]
[Black "Schaefer, Michael"]
[Result "1/2-1/2"]
[WhiteElo "2071"]
[BlackElo "2247"]
[PlyCount "35"]
[EventDate "2007.10.20"]

1. c4 e6 2. g3 d5 3. Bg2 Nf6 4. Nf3 Be7 5. O-O O-O 6. Qc2 c5 7. d4 cxd4 8. Nxd4
Nc6 9. Rd1 Qb6 10. Nxc6 bxc6 11. Nc3 Ba6 12. Na4 Qb4 13. b3 Rac8 14. a3 Qb8 15.
c5 Rcd8 16. b4 Qe5 17. Nc3 Qb8 18. e3 1/2-1/2

[Event "XIX Festival A"]
[Site "Arco ITA"]
[Date "2007.10.24"]
[Round "5"]
[White "Marini, Lucio"]
[Black "Ferrari, Michele"]
[Result "1-0"]
[WhiteElo "1860"]
[BlackElo "1819"]
[PlyCount "69"]
[EventDate "2007.10.20"]

1. c4 e6 2. Nc3 d5 3. d4 f5 4. g3 c6 5. b3 Bd6 6. Nf3 Nd7 7. Bg2 Ngf6 8. O-O
O-O 9. Qc2 Ne4 10. Bf4 Bxf4 11. gxf4 Rf6 12. e3 Rh6 13. Ne2 Ndf6 14. h3 Bd7 15.
Ng3 Be8 16. cxd5 cxd5 17. Rac1 Nxg3 18. fxg3 Ne4 19. Kh2 Bc6 20. Ne5 Rc8 21.
Bxe4 fxe4 22. b4 Rf6 23. b5 Bd7 24. Qb2 Rf8 25. Rxc8 Bxc8 26. Qc3 Bd7 27. Qc5
a6 28. b6 Bb5 29. Rc1 Qe8 30. Qd6 g5 31. Rc7 gxf4 32. gxf4 Qh5 33. Qxe6+ Kh8
34. Ng4 Bf1 35. Qe5+ 1-0

[Event "XIX Festival A"]
[Site "Arco ITA"]
[Date "2007.10.24"]
[Round "5"]
[White "McClement, Andrew"]
[Black "Panican, Gheorghe"]
[Result "1/2-1/2"]
[WhiteElo "1594"]
[BlackElo "2104"]
[PlyCount "145"]
[EventDate "2007.10.20"]

1. d4 Nf6 2. Nf3 g6 3. Nc3 Bg7 4. e4 d6 5. Be3 O-O 6. Qd2 Nbd7 7. O-O-O a6 8.
Bh6 Nb6 9. h4 Bg4 10. Be2 c5 11. d5 Nbd7 12. Qf4 b5 13. Rdg1 b4 14. Nd1 Ne5 15.
h5 Qc8 16. Bxg7 Kxg7 17. hxg6 fxg6 18. Qh6+ Kg8 19. Ng5 Nf7 20. Nxf7 Rxf7 21.
f3 Bd7 22. g4 Qf8 23. Qh2 Qg7 24. Ne3 Kh8 25. Nc4 Bb5 26. Na5 Bxe2 27. Qxe2 Nd7
28. Nc6 Ne5 29. Nxe5 Qxe5 30. Rf1 a5 31. Rh2 a4 32. f4 Rxf4 33. Rxf4 Qxf4+ 34.
Kb1 Rf8 35. Rh1 a3 36. Re1 Qe5 37. bxa3 bxa3 38. Qb5 Qc3 39. Rg1 Qb4+ 40. Qxb4
cxb4 41. c3 bxc3 42. Kc2 Rf2+ 43. Kb3 Re2 44. Kxa3 Rxe4 45. Kb3 Rd4 46. Kxc3
Rxd5 47. a4 Kg7 48. Kb4 Rd2 49. Kb5 Ra2 50. a5 Kf6 51. Kb6 e5 52. a6 d5 53. a7
d4 54. Rg2 Rxg2 55. a8=Q Rxg4 56. Qf8+ Kg5 57. Qe7+ Kf4 58. Qf6+ Ke4 59. Qc6+
Ke3 60. Qc1+ Kf3 61. Qd1+ Kf4 62. Qc1+ Kf5 63. Qc2+ Kg5 64. Qe2 e4 65. Kc5 e3
66. Qf3 h5 67. Kd5 Kh4 68. Ke5 g5 69. Qh1+ Kg3 70. Qg1+ Kf3 71. Qf1+ Kg3 72.
Qg1+ Kh3 73. Qh1+ 1/2-1/2

[Event "XIX Festival A"]
[Site "Arco ITA"]
[Date "2007.10.24"]
[Round "5"]
[White "Minniti, Giuseppe"]
[Black "Giaracuni, Claudio"]
[Result "1/2-1/2"]
[WhiteElo "1827"]
[BlackElo "1759"]
[PlyCount "119"]
[EventDate "2007.10.20"]

1. d4 d5 2. Nf3 e6 3. e3 Nf6 4. Bd3 Nbd7 5. Nbd2 Be7 6. O-O O-O 7. c3 c6 8. h3
b6 9. Qc2 Bb7 10. e4 dxe4 11. Nxe4 c5 12. Bf4 Bxe4 13. Bxe4 Nxe4 14. Qxe4 Nf6
15. Qe2 Bd6 16. Bg5 Qc7 17. Bxf6 gxf6 18. Qe4 Bf4 19. Rfd1 Rad8 20. dxc5 bxc5
21. Rxd8 Rxd8 22. Qa4 Qd6 23. Qc2 f5 24. Kf1 Qd5 25. Qe2 e5 26. c4 Qe4 27. b3
Rd3 28. Rd1 Rc3 29. Qxe4 fxe4 30. Nh4 Bg5 31. Nf5 Rc2 32. h4 Bf6 33. Rd6 Bg7
34. Rd8+ Bf8 35. h5 Rxa2 36. Ne3 Ra1+ 37. Ke2 Ra2+ 38. Ke1 Ra1+ 39. Nd1 f6 40.
Rd7 Bh6 41. Rc7 Ra5 42. Nc3 f5 43. Ke2 Ra3 44. Rb7 Ra6 45. Nd5 Ra2+ 46. Kd1 Bg5
47. g3 Rxf2 48. Rc7 Rb2 49. Rxc5 Rxb3 50. Ra5 Rxg3 51. c5 Rd3+ 52. Ke2 Rxd5 53.
Rxa7 Rxc5 54. h6 e3 55. Ra8+ Kf7 56. Ra7+ Kg6 57. Ra6+ Kh5 58. Ra2 e4 59. Ra4
Rc2+ 60. Ke1 1/2-1/2

[Event "XIX Festival A"]
[Site "Arco ITA"]
[Date "2007.10.24"]
[Round "5"]
[White "Moratto, Davide"]
[Black "Sigillo, Carmelo"]
[Result "1-0"]
[WhiteElo "1855"]
[BlackElo "1595"]
[PlyCount "47"]
[EventDate "2007.10.20"]

1. e4 c5 2. b3 d6 3. Bb5+ Nc6 4. Bb2 Bd7 5. Ne2 Nf6 6. d3 Qa5+ 7. Nbc3 Nd4 8.
Bxd7+ Nxd7 9. O-O e5 10. f4 Be7 11. Nd5 Nxe2+ 12. Qxe2 Qd8 13. Nxe7 Qxe7 14. f5
O-O-O 15. Qd2 g6 16. Qa5 Kb8 17. c4 Nf6 18. b4 h5 19. Bc1 h4 20. Bg5 Rh5 21.
Bxf6 Qxf6 22. fxg6 Qh8 23. Rxf7 Rf8 24. Qc7+ 1-0

[Event "XIX Festival A"]
[Site "Arco ITA"]
[Date "2007.10.24"]
[Round "5"]
[White "Naumkin, Igor"]
[Black "Isonzo, David"]
[Result "1/2-1/2"]
[WhiteElo "2486"]
[BlackElo "2339"]
[PlyCount "36"]
[EventDate "2007.10.20"]

1. d4 d5 2. c4 dxc4 3. Nf3 Nf6 4. e3 e6 5. Bxc4 c5 6. O-O a6 7. Qe2 b5 8. Bd3
cxd4 9. exd4 Be7 10. Nc3 O-O 11. Bg5 Bb7 12. Rad1 Nbd7 13. a3 Rc8 14. Rfe1 Re8
15. Bb1 Nd5 16. Ne4 N7f6 17. Ng3 Nd7 18. Bd2 N5f6 1/2-1/2

[Event "XIX Festival A"]
[Site "Arco ITA"]
[Date "2007.10.24"]
[Round "5"]
[White "Nicolodi, Raoul"]
[Black "Burani, Eugenio"]
[Result "0-1"]
[WhiteElo "1539"]
[BlackElo "2017"]
[PlyCount "70"]
[EventDate "2007.10.20"]

1. Nf3 Nf6 2. c4 c5 3. Nc3 g6 4. g3 b6 5. Bg2 Bb7 6. O-O Bg7 7. a3 O-O 8. Rb1
d5 9. d3 Re8 10. b4 Nbd7 11. Bb2 e5 12. cxd5 Nxd5 13. Qb3 Nxc3 14. Bxc3 Rb8 15.
Rfc1 e4 16. Nd2 e3 17. fxe3 Bxg2 18. Kxg2 Rxe3 19. Kf2 Re8 20. Bxg7 Kxg7 21.
Ne4 cxb4 22. axb4 Ne5 23. Kg1 Qd4+ 24. Kg2 Rec8 25. Rxc8 Rxc8 26. Rf1 Nc4 27.
Ng5 Ne3+ 28. Kh1 Nxf1 29. Qxf7+ Kh6 30. h4 Nxg3+ 31. Kg2 Qxh4 32. Qxh7+ Kxg5
33. Qe7+ Kg4 34. Qe6+ Nf5 35. Qe4+ Kh5 0-1

[Event "XIX Festival A"]
[Site "Arco ITA"]
[Date "2007.10.24"]
[Round "5"]
[White "Paltrinieri, Nicholas"]
[Black "Allegranti, Luca"]
[Result "0-1"]
[WhiteElo "1891"]
[BlackElo "2040"]
[PlyCount "106"]
[EventDate "2007.10.20"]

1. f4 d5 2. Nf3 c5 3. e3 Nc6 4. Bb5 Bd7 5. b3 Qb6 6. Bxc6 Bxc6 7. Bb2 f6 8. O-O
O-O-O 9. Qe2 e6 10. d3 h5 11. c4 Bd6 12. Nbd2 Ne7 13. cxd5 exd5 14. Rfc1 Nf5
15. e4 dxe4 16. dxe4 Nd4 17. Nxd4 cxd4 18. Qf2 Qc7 19. Rf1 Bc5 20. Rac1 Bb6 21.
Kh1 Kb8 22. Rfe1 h4 23. h3 d3 24. Qf1 Bd4 25. Bxd4 Rxd4 26. Re3 Qd7 27. Rce1 g5
28. fxg5 fxg5 29. Qf6 Rg8 30. e5 Rf4 31. e6 Qd5 32. Qe5+ Qxe5 33. Rxe5 g4 34.
e7 Re8 35. R5e3 gxh3 36. Rxh3 Rf7 37. Rxd3 Rfxe7 38. Rxe7 Rxe7 39. Nc4 Re2 40.
Rd2 Bxg2+ 41. Kh2 Rxd2 42. Nxd2 h3 43. Nc4 Kc7 44. Ne3 Kc6 45. Nxg2 hxg2 46.
Kxg2 Kc5 47. Kf3 Kb4 48. Ke4 Ka3 49. Kd5 Kxa2 50. b4 Kb3 51. Kc5 Ka4 52. b5 Ka5
53. Kc4 b6 0-1

[Event "XIX Festival A"]
[Site "Arco ITA"]
[Date "2007.10.24"]
[Round "5"]
[White "Pierangeli, Andrea"]
[Black "Dieli, Riccardo"]
[Result "1-0"]
[WhiteElo "2020"]
[BlackElo "1775"]
[PlyCount "85"]
[EventDate "2007.10.20"]

1. e4 c5 2. Nf3 Nc6 3. d4 cxd4 4. Nxd4 d6 5. Be2 g6 6. Be3 Bg7 7. c3 Nf6 8. Nd2
O-O 9. O-O a6 10. a4 Bd7 11. f4 Rc8 12. Kh1 Re8 13. N4f3 Bg4 14. Qe1 Bxf3 15.
Bxf3 Nd7 16. Qf2 Na5 17. Bg4 Nc4 18. Nxc4 Rxc4 19. Be2 Rc6 20. f5 Rf8 21. Bd4
e5 22. Be3 g5 23. Bd3 f6 24. Bc2 Nc5 25. Rad1 Qc7 26. Qe2 Rd8 27. Rf3 Kf8 28.
b4 Nxa4 29. Bxa4 Rxc3 30. Bb6 Qxb6 31. Rxc3 Qxb4 32. Qc4 Qxc4 33. Rxc4 b5 34.
Rc6 bxa4 35. Rdxd6 Rxd6 36. Rxd6 h5 37. Rxa6 Kg8 38. Rxa4 g4 39. Kg1 h4 40. Kf2
Kh7 41. h3 gxh3 42. gxh3 Bh6 43. Ra7+ 1-0

[Event "XIX Festival A"]
[Site "Arco ITA"]
[Date "2007.10.24"]
[Round "5"]
[White "Rigo, Marco"]
[Black "Zordan, Diego"]
[Result "1/2-1/2"]
[WhiteElo "1882"]
[BlackElo "1607"]
[PlyCount "71"]
[EventDate "2007.10.20"]

1. e4 d6 2. Bc4 Nf6 3. Nc3 c6 4. h3 b5 5. Bd3 e5 6. Nf3 Na6 7. O-O Nc5 8. b4
Nxd3 9. cxd3 Qb6 10. a4 Be7 11. a5 Qc7 12. d4 exd4 13. Nxd4 a6 14. Nf3 O-O 15.
d4 Be6 16. Bf4 Rfe8 17. Rc1 Qd7 18. g4 Bc4 19. Re1 Rad8 20. Nd2 h6 21. Nxc4
bxc4 22. e5 dxe5 23. dxe5 Nd5 24. Qf3 Bxb4 25. Red1 Bxa5 26. Ne4 Bb4 27. Bxh6
Qe6 28. Bg5 Ra8 29. Rxc4 a5 30. Ng3 Qxe5 31. Bf4 Nxf4 32. Rxf4 f6 33. Re4 Qc3
34. Rd3 Qc5 35. Red4 Qc1+ 36. Rd1 1/2-1/2

[Event "XIX Festival A"]
[Site "Arco ITA"]
[Date "2007.10.24"]
[Round "5"]
[White "Rossi, Paolo"]
[Black "Dalla Vecchia, Paolo"]
[Result "1-0"]
[WhiteElo "1884"]
[BlackElo "1829"]
[PlyCount "69"]
[EventDate "2007.10.20"]

1. d4 f5 2. e3 Nf6 3. Nf3 g6 4. Bd3 Bg7 5. Nbd2 O-O 6. O-O d6 7. Re1 h6 8. c3
b6 9. e4 fxe4 10. Nxe4 Bb7 11. Nh4 Qe8 12. Ng3 g5 13. Nhf5 e6 14. Nxg7 Qc6 15.
f3 Kxg7 16. Rxe6 Qd7 17. Nf5+ Kh8 18. Re7 Qd8 19. Qe1 Nc6 20. Re2 Ng8 21. h4
Bc8 22. Nxh6 Nxh6 23. Bxg5 Qd7 24. Bxh6 Rg8 25. Bg5 Qf7 26. Qf2 Bd7 27. Rae1
Bf5 28. Bxf5 Qxf5 29. Re4 Qd5 30. b3 b5 31. Qc2 Raf8 32. Re6 Rf5 33. Rf6 Nxd4
34. cxd4 Qxd4+ 35. Qf2 1-0

[Event "XIX Festival A"]
[Site "Arco ITA"]
[Date "2007.10.24"]
[Round "5"]
[White "Savarese, Vincenzo"]
[Black "Bini, Gabriele"]
[Result "0-1"]
[WhiteElo "1859"]
[BlackElo "1736"]
[PlyCount "70"]
[EventDate "2007.10.20"]

1. e4 Nf6 2. e5 Nd5 3. d4 d6 4. Nf3 Bg4 5. Bc4 dxe5 6. dxe5 e6 7. O-O Nc6 8.
Bb5 Be7 9. Re1 Ndb4 10. Nbd2 a6 11. Be2 Bf5 12. Bc4 Bxc2 13. Qe2 Bg6 14. Ne4
Nd4 15. Nxd4 Qxd4 16. Nc3 Nc2 17. Rd1 Qb6 18. Bd2 Nxa1 19. Be3 Qc6 20. Nb5 O-O
21. Nd4 Qe4 22. Bd3 Qxe5 23. Bxg6 hxg6 24. Nf3 Qb5 25. Qxb5 axb5 26. Rxa1 Bf6
27. Nd4 c6 28. Rc1 Rfd8 29. Nb3 Rxa2 30. Bb6 Rda8 31. Rd1 Rxb2 32. Nc5 Rba2 33.
g3 Ra1 34. Rxa1 Rxa1+ 35. Kg2 Bd4 0-1

[Event "XIX Festival A"]
[Site "Arco ITA"]
[Date "2007.10.24"]
[Round "5"]
[White "Scharrer, Patrick"]
[Black "Jensen, Leif"]
[Result "0-1"]
[WhiteElo "2220"]
[BlackElo "2091"]
[PlyCount "112"]
[EventDate "2007.10.20"]

1. e4 e6 2. d3 d5 3. Nd2 c5 4. Ngf3 Nc6 5. g3 g6 6. Bg2 Bg7 7. O-O Nge7 8. Re1
O-O 9. h4 f5 10. exd5 exd5 11. d4 c4 12. Nf1 b5 13. h5 gxh5 14. Ne5 Nxe5 15.
dxe5 Be6 16. Qxh5 Ng6 17. f4 Rc8 18. Nh2 Ne7 19. Nf3 Bf7 20. Qh4 a5 21. Be3 Rc6
22. Qh1 Rh6 23. Nh4 Ng6 24. Bf2 Nxh4 25. gxh4 d4 26. Rad1 d3 27. cxd3 cxd3 28.
Re3 Qd4 29. e6 Bh5 30. e7 Re8 31. Rdxd3 Qxb2 32. Rd8 Qc1+ 33. Kh2 Qc7 34. Rxe8+
Bxe8 35. Bg3 Rxh4+ 36. Bxh4 Qxf4+ 37. Bg3 Qxe3 38. Bd5+ Kh8 39. Qe1 Qh6+ 40.
Kg2 Qg6 41. Qe6 Qxe6 42. Bxe6 Bf6 43. Bd6 Kg7 44. Bxf5 h5 45. Be6 Bc3 46. Bd5
Kf6 47. Kf3 Bb4 48. Bxb4 axb4 49. Kg3 Kxe7 50. Kh4 Bf7 51. Bc6 Bxa2 52. Kxh5
Bc4 53. Kg4 Kd6 54. Be8 Ke5 55. Kf3 Kd4 56. Bg6 b3 0-1

[Event "XIX Festival A"]
[Site "Arco ITA"]
[Date "2007.10.24"]
[Round "5"]
[White "Schrott, Ernst"]
[Black "Friedrich, Norbert"]
[Result "1/2-1/2"]
[WhiteElo "2103"]
[BlackElo "2313"]
[PlyCount "80"]
[EventDate "2007.10.20"]

1. e4 c5 2. Nf3 e6 3. d4 cxd4 4. Nxd4 a6 5. c4 Nf6 6. Bd3 Nc6 7. Nxc6 dxc6 8.
O-O e5 9. b3 Qd4 10. Qc2 Qxa1 11. Nc3 Bc5 12. Bb2 Qxf1+ 13. Bxf1 Bd4 14. Ne2
Bxb2 15. Qxb2 O-O 16. Qxe5 Re8 17. Qc7 Nxe4 18. Ng3 Nc5 19. Qd6 Ne6 20. f4 Rd8
21. Qe7 Bd7 22. f5 Nf8 23. Qg5 f6 24. Qg4 Be8 25. c5 Nd7 26. Ne4 Kh8 27. Qh4
Bf7 28. Nd6 Bd5 29. Nxb7 Rdb8 30. Nd6 Nxc5 31. Bc4 Rd8 32. Qd4 Rxd6 33. Qxc5
Rdd8 34. h4 Be4 35. g4 a5 36. g5 Rf8 37. h5 Rae8 38. h6 gxh6 39. gxf6 Bd5 40.
Bxd5 cxd5 1/2-1/2

[Event "XIX Festival A"]
[Site "Arco ITA"]
[Date "2007.10.24"]
[Round "5"]
[White "Vezzosi, Paolo"]
[Black "Tocco, Paolo"]
[Result "1-0"]
[WhiteElo "2323"]
[BlackElo "2159"]
[PlyCount "69"]
[EventDate "2007.10.20"]

1. Nf3 f5 2. c4 Nf6 3. b4 g6 4. Bb2 Bg7 5. g3 O-O 6. Bg2 d6 7. d4 e5 8. dxe5
dxe5 9. Qxd8 Rxd8 10. Nxe5 Ng4 11. Nd3 Bxb2 12. Nxb2 Nc6 13. Bxc6 bxc6 14. Na3
Be6 15. Nd3 a5 16. b5 cxb5 17. cxb5 Bd5 18. O-O c6 19. Rfc1 cxb5 20. Nxb5 Rac8
21. Nc7 Bf7 22. a3 Rd7 23. Na6 Re8 24. Rc2 Ne5 25. Nac5 Rd4 26. Nxe5 Rxe5 27.
Rac1 Kg7 28. Kf1 g5 29. Nd3 Red5 30. Rc7 f4 31. f3 Ra4 32. gxf4 gxf4 33. R1c4
Rxc4 34. Rxc4 Rh5 35. Nxf4 1-0

[Event "XIX Festival A"]
[Site "Arco ITA"]
[Date "2007.10.24"]
[Round "5"]
[White "Vistisen, Lars"]
[Black "Dittmar, Peter"]
[Result "0-1"]
[WhiteElo "2153"]
[BlackElo "2318"]
[PlyCount "100"]
[EventDate "2007.10.20"]

1. e4 e6 2. d4 d5 3. Nd2 c5 4. Ngf3 Nc6 5. exd5 exd5 6. Qe2+ Be7 7. dxc5 Nf6 8.
Nb3 O-O 9. Qd1 a5 10. a4 Ne4 11. Be3 Nb4 12. Bb5 Bg4 13. c3 Nc6 14. Be2 Rc8 15.
O-O Re8 16. Nfd4 Bxe2 17. Nxe2 Ne5 18. Nf4 Nxc5 19. Nxd5 Ncd3 20. Nxe7+ Rxe7
21. Bd4 Nxb2 22. Qd2 Nbc4 23. Qg5 h6 24. Qg3 Rc6 25. Nc5 Rg6 26. Qh3 Nc6 27.
Rad1 Qc7 28. Rfe1 Nxd4 29. Rxe7 Qxe7 30. cxd4 b6 31. Qc8+ Qf8 32. Qxf8+ Kxf8
33. Nd3 Rd6 34. Nf4 Nb2 35. Rd2 Nxa4 36. d5 Nc3 37. Rc2 g5 38. Nh5 Rxd5 39. h4
Rc5 40. Nf6 Ke7 41. Ng8+ Ke6 42. h5 b5 43. Nxh6 b4 44. Ng4 b3 45. Rb2 a4 46. h6
Rc8 47. h7 Rh8 48. Ne3 Rxh7 49. Nc4 Rh4 50. Nb6 Rb4 0-1

[Event "XIX Festival A"]
[Site "Arco ITA"]
[Date "2007.10.24"]
[Round "5"]
[White "Voermans, Adri"]
[Black "Crea, Vincenzo"]
[Result "1/2-1/2"]
[WhiteElo "1887"]
[BlackElo "2042"]
[PlyCount "82"]
[EventDate "2007.10.20"]

1. d4 d5 2. c4 c6 3. e3 Nf6 4. Nc3 a6 5. a4 Bf5 6. Nf3 e6 7. b3 Bb4 8. Bd2 h6
9. Ne5 Nbd7 10. Nxd7 Qxd7 11. a5 Bd6 12. Be2 Qe7 13. O-O O-O 14. f4 Rad8 15.
Be1 dxc4 16. bxc4 c5 17. d5 exd5 18. Nxd5 Nxd5 19. cxd5 Qxe3+ 20. Kh1 Rfe8 21.
Bh5 Qd3 22. Rf2 Qxd1 23. Rxd1 Bd3 24. Bc3 Bb5 25. Be5 g6 26. Bxd6 Rxd6 27. Bf3
Re3 28. Ra1 Bc4 29. Rb2 Rb3 30. Rd2 Rd3 31. Rxd3 Bxd3 32. Kg1 Kf8 33. Kf2 Ke7
34. Rc1 c4 35. Ke3 b5 36. axb6 Rxb6 37. Kd4 Kd6 38. Re1 Rb2 39. Ra1 Rb6 40. Re1
Rb2 41. Ra1 Rb6 1/2-1/2

[Event "XIX Festival A"]
[Site "Arco ITA"]
[Date "2007.10.24"]
[Round "5"]
[White "Von Wantoch, Markus"]
[Black "Rigo, Gianfrancesco"]
[Result "0-1"]
[WhiteElo "1974"]
[BlackElo "2063"]
[PlyCount "70"]
[EventDate "2007.10.20"]

1. e4 c5 2. Nc3 g6 3. g3 Bg7 4. Bg2 Nc6 5. d3 e6 6. Be3 d6 7. f4 Nge7 8. Nf3
Rb8 9. Qd2 Nd4 10. Nd1 Bd7 11. O-O Bc6 12. Nh4 f5 13. c3 Nb5 14. e5 Bxg2 15.
Nxg2 dxe5 16. fxe5 b6 17. Nf4 Qd7 18. a4 Nc7 19. d4 Rd8 20. Qf2 cxd4 21. cxd4
Ned5 22. Nxd5 Nxd5 23. Bg5 Rc8 24. Ne3 O-O 25. Qg2 h6 26. Bf4 Nxf4 27. gxf4
Qxd4 28. Rf3 Qe4 29. a5 bxa5 30. Rxa5 Rc1+ 31. Kf2 Rd8 32. Kg3 g5 33. Rxa7 Bxe5
34. Kh3 Bxf4 35. Ra3 Bxe3 0-1

[Event "XIX Festival A"]
[Site "Arco ITA"]
[Date "2007.10.24"]
[Round "5"]
[White "Vuelban, Virgilio"]
[Black "Bonade', Massimo"]
[Result "1/2-1/2"]
[WhiteElo "2399"]
[BlackElo "2168"]
[PlyCount "60"]
[EventDate "2007.10.20"]

1. e4 c5 2. Nf3 d6 3. d4 cxd4 4. Qxd4 Nc6 5. Bb5 Bd7 6. Bxc6 Bxc6 7. c4 Nf6 8.
Nc3 g6 9. Be3 Bg7 10. h3 O-O 11. Qd3 a6 12. Nd4 Rc8 13. O-O Qc7 14. Rac1 Nd7
15. Qd2 Rfe8 16. Nd5 Bxd5 17. exd5 Qb8 18. Bh6 Bh8 19. Rfe1 Ne5 20. b3 b5 21.
cxb5 axb5 22. Rxc8 Rxc8 23. Kh1 Qb6 24. Be3 Qb7 25. f4 Nd7 26. Qb4 Bxd4 27.
Bxd4 Qxd5 28. Re2 e5 29. Bb2 Qd1+ 30. Re1 Qd3 1/2-1/2

[Event "XIX Festival A"]
[Site "Arco ITA"]
[Date "2007.10.24"]
[Round "5"]
[White "Wagner, Frank"]
[Black "Bortolotti, Silvano"]
[Result "0-1"]
[WhiteElo "1961"]
[BlackElo "1771"]
[PlyCount "102"]
[EventDate "2007.10.20"]

1. c4 Nf6 2. Nc3 e5 3. d3 c6 4. Nf3 d6 5. g3 g6 6. Bg2 Bg7 7. O-O O-O 8. Rb1 a5
9. a3 Na6 10. b4 Rb8 11. b5 cxb5 12. Nxb5 Re8 13. Nd2 d5 14. cxd5 Nxd5 15. Nc4
Be6 16. Bd2 b6 17. Nbd6 Re7 18. Rb5 Nac7 19. Qb1 Nxb5 20. Qxb5 Nc7 21. Qb1 b5
22. Nb7 Rxb7 23. Bxb7 bxc4 24. Bxa5 Qb8 25. Bb4 Rd7 26. Bc6 Rd8 27. dxc4 Bxc4
28. Qc2 Bd5 29. Ba4 Ne6 30. e4 Nd4 31. Qd3 Bc6 32. Bxc6 Nxc6 33. Qc4 Nxb4 34.
axb4 Rd4 35. Qc6 Rxb4 36. Ra1 Rb1+ 37. Rxb1 Qxb1+ 38. Kg2 Qb8 39. h4 h5 40. Qd5
Qe8 41. Qc4 Qe6 42. Qd3 Bf6 43. Qd2 Bxh4 44. gxh4 Qg4+ 45. Kf1 Qxh4 46. Qd5 Qf4
47. Qd3 h4 48. Kg2 g5 49. Kh3 Kg7 50. Qe2 Kg6 51. Kg2 51... g4 {...} 0-1

[Event "XIX Festival A"]
[Site "Arco ITA"]
[Date "2007.10.24"]
[Round "5"]
[White "Weinberg, Emanuele"]
[Black "Kern, Beat"]
[Result "1-0"]
[WhiteElo "1907"]
[BlackElo "1694"]
[PlyCount "81"]
[EventDate "2007.10.20"]

1. d4 Nf6 2. c4 e6 3. Nf3 d5 4. g3 Bb4+ 5. Bd2 Bxd2+ 6. Nbxd2 O-O 7. Bg2 c6 8.
O-O Nbd7 9. Rc1 Re8 10. Qc2 Qe7 11. e4 Nxe4 12. Nxe4 dxe4 13. Qxe4 Nf6 14. Qc2
Bd7 15. Rfe1 Rad8 16. Ne5 Qd6 17. Rcd1 Qc7 18. c5 Rf8 19. Nc4 Bc8 20. Nd6 Rxd6
21. cxd6 Qxd6 22. Qc5 Qxc5 23. dxc5 Nd5 24. a3 a6 25. f4 Re8 26. Bxd5 cxd5 27.
Rxd5 Kf8 28. Rd6 a5 29. b4 axb4 30. axb4 g6 31. Kf2 Ke7 32. Red1 Kf8 33. Rd8
Ke7 34. Rxe8+ Kxe8 35. Ke3 Bd7 36. Kd4 Bc6 37. Ke5 Ke7 38. Ra1 h6 39. Ra7 g5
40. b5 f6+ 41. Kd4 1-0

[Event "XIX Festival A"]
[Site "Arco ITA"]
[Date "2007.10.24"]
[Round "5"]
[White "Wohl, Aleksandar H."]
[Black "Serafimov, Dimitar"]
[Result "1-0"]
[WhiteElo "2415"]
[BlackElo "2168"]
[PlyCount "70"]
[EventDate "2007.10.20"]

1. e4 c6 2. d4 d5 3. e5 g6 4. c4 Bg7 5. Nc3 Nh6 6. Nf3 O-O 7. h3 Na6 8. cxd5
Nb4 9. Bg5 Kh8 10. Qd2 Ng8 11. dxc6 bxc6 12. Be2 f6 13. exf6 exf6 14. Be3 Be6
15. O-O Re8 16. Ne1 Nd5 17. Nxd5 Bxd5 18. Nd3 Ne7 19. Nf4 Bf7 20. Rfc1 g5 21.
Nh5 Bd5 22. Nxg7 Kxg7 23. Bh5 Ng6 24. Rc5 Qe7 25. Rac1 Nh4 26. Rxd5 cxd5 27.
Bxe8 Rxe8 28. Qc2 Qe6 29. Qd3 Re7 30. Bd2 Qd7 31. Bb4 Rf7 32. Re1 Ng6 33. Qf3
Qb5 34. a3 a5 35. Bc5 35... Rd7 $139 1-0

[Event "XIX Festival A"]
[Site "Arco ITA"]
[Date "2007.10.24"]
[Round "5"]
[White "Zenatto, Giuliano"]
[Black "Perich, Stefano"]
[Result "0-1"]
[WhiteElo "1853"]
[BlackElo "1995"]
[PlyCount "90"]
[EventDate "2007.10.20"]

1. d4 Nf6 2. Nf3 g6 3. c4 Bg7 4. e3 d6 5. Be2 Nbd7 6. O-O O-O 7. Nc3 c6 8. b3
Qc7 9. Bb2 e5 10. dxe5 dxe5 11. Nxe5 Qxe5 12. Na4 Qe7 13. Bf3 Nb6 14. Nxb6 axb6
15. Qe2 Bf5 16. Rfd1 Be4 17. Bxe4 Nxe4 18. Qc2 Bxb2 19. Qxb2 Rfd8 20. Rd4 c5
21. Rd5 Qf6 22. Rb1 Rxd5 23. cxd5 Qxb2 24. Rxb2 Nc3 25. d6 Rd8 26. Rd2 Ne4 27.
Rd3 Rxd6 28. Rxd6 Nxd6 29. Kf1 Kf8 30. Ke2 Ke7 31. Kd3 f5 32. f3 b5 33. a3 Ke6
34. g3 Kd5 35. h3 c4+ 36. bxc4+ bxc4+ 37. Kc3 Kc5 38. a4 b6 39. g4 Kd5 40. gxf5
gxf5 41. f4 h5 42. Kc2 Nb7 43. Kc3 Nc5 44. Kb4 Nd3+ 45. Kc3 Nc5 0-1

[Event "XIX Festival A"]
[Site "Arco ITA"]
[Date "2007.10.25"]
[Round "6"]
[White "Allegranti, Luca"]
[Black "Moncelli, Giorgio"]
[Result "0-1"]
[WhiteElo "2040"]
[BlackElo "2129"]
[PlyCount "84"]
[EventDate "2007.10.20"]

1. d4 d5 2. Nf3 Nf6 3. e3 g6 4. Bd3 Bg7 5. Nbd2 O-O 6. O-O b6 7. Ne5 Bb7 8. c3
c5 9. Qe2 Nbd7 10. f4 Ne8 11. Nxd7 Qxd7 12. Nf3 Nd6 13. Ne5 Qc7 14. Bd2 Ne4 15.
Rf3 f6 16. Ng4 e5 17. Rh3 exf4 18. exf4 Rae8 19. Re3 h5 20. Bxe4 dxe4 21. Nf2
f5 22. Qc4+ Qf7 23. Qxf7+ Rxf7 24. dxc5 bxc5 25. Rg3 Kh7 26. Be3 Bf8 27. Rd1
Bc6 28. c4 Rd7 29. Kf1 Red8 30. Ke2 a5 31. Rxd7+ Rxd7 32. Bd2 Bg7 33. Bc3 Bd4
34. Nd1 a4 35. b3 axb3 36. axb3 Ra7 37. Bxd4 cxd4 38. b4 Ra2+ 39. Ke1 Ba4 40.
Nf2 e3 41. Nh3 d3 42. Ng5+ Kg8 0-1

[Event "XIX Festival A"]
[Site "Arco ITA"]
[Date "2007.10.25"]
[Round "6"]
[White "Battiston, Claudio"]
[Black "Grom, Waldemar"]
[Result "0-1"]
[WhiteElo "1882"]
[BlackElo "2014"]
[PlyCount "112"]
[EventDate "2007.10.20"]

1. e4 c5 2. c3 e6 3. d4 d5 4. e5 Ne7 5. Na3 a6 6. Nf3 Ng6 7. Nc2 Nc6 8. Be3 Qb6
9. b3 Be7 10. Bd3 Qc7 11. O-O Bd7 12. Qd2 b5 13. g3 O-O 14. h4 Rfe8 15. Bg5 c4
16. bxc4 bxc4 17. Bxg6 fxg6 18. Kg2 Rf8 19. h5 gxh5 20. Bxe7 Nxe7 21. Qg5 Be8
22. Qd2 h6 23. Ne3 Bg6 24. Ne1 Rf7 25. f4 Raf8 26. Qe2 Nf5 27. Nxf5 Rxf5 28.
Nf3 R5f7 29. Nh4 Bd3 30. Qxh5 Bxf1+ 31. Rxf1 Qa5 32. f5 Qxc3 33. f6 Qd2+ 34.
Rf2 Qg5 35. Qxg5 hxg5 36. Ng6 gxf6 37. Nxf8 Rxf8 38. exf6 Kf7 39. Kf3 Kg6 40.
Kg4 Rxf6 41. Re2 Kf7 42. Kxg5 Rf3 43. g4 Rd3 44. Rb2 Rxd4 45. Rb7+ Ke8 46. Kf6
Kd8 47. Kxe6 Kc8 48. Rb2 Kc7 49. g5 Kc6 50. g6 Rg4 51. Kf5 Rg1 52. Rb8 d4 53.
Ke4 d3 54. Ke3 Rxg6 55. Kd2 Rg2+ 56. Kc3 Rc2+ 0-1

[Event "XIX Festival A"]
[Site "Arco ITA"]
[Date "2007.10.25"]
[Round "6"]
[White "Bini, Gabriele"]
[Black "Von Wantoch, Markus"]
[Result "0-1"]
[WhiteElo "1736"]
[BlackElo "1974"]
[PlyCount "76"]
[EventDate "2007.10.20"]

1. e4 d5 2. exd5 Nf6 3. d4 Nxd5 4. Nf3 Bg4 5. c4 Nb6 6. Nc3 e5 7. Be2 Bxf3 8.
Bxf3 exd4 9. Qe2+ Qe7 10. Qxe7+ Bxe7 11. Nb5 Bb4+ 12. Kd1 c6 13. Nc7+ Kd8 14.
Nxa8 Nxc4 15. a3 Bd6 16. Be2 Ne5 17. Bf4 Nbd7 18. Kd2 Ke7 19. Rhe1 Rxa8 20. h3
Kf8 21. Bh2 Nc5 22. Bxe5 Bxe5 23. Bc4 Bf4+ 24. Kc2 Rd8 25. Rad1 b5 26. Bf1 Ne6
27. b4 a5 28. Kb3 Ra8 29. g3 Bd6 30. Ra1 Ke7 31. Rec1 Kd7 32. Bg2 Rc8 33. Rd1
c5 34. bxc5 Nxc5+ 35. Ka2 Be5 36. f4 Bf6 37. Rab1 Na4 38. Rd3 Rc2+ 0-1

[Event "XIX Festival A"]
[Site "Arco ITA"]
[Date "2007.10.25"]
[Round "6"]
[White "Blasco, Domenico"]
[Black "Bortolotti, Silvano"]
[Result "1-0"]
[WhiteElo "1969"]
[BlackElo "1771"]
[PlyCount "31"]
[EventDate "2007.10.20"]

1. d4 d5 2. Nf3 e6 3. e3 c5 4. c3 Nf6 5. Bd3 c4 6. Bc2 Nc6 7. Nbd2 Bd6 8. O-O
O-O 9. e4 dxe4 10. Nxe4 Nxe4 11. Bxe4 Qc7 12. Re1 f5 13. Bc2 e5 14. dxe5 Nxe5
15. Nxe5 Bxe5 16. Qd5+ 1-0